00570nam a22002177a 4500003000400000005001700004008000200021010001300023020001000036035002300046037001600069040001500085082001500100100001800115245005300133260003800186270005700224300002100281650003000302650002000332dpl20180721104958.00 aA-739282 c80.00 aA-739282, A-739283 bCen Lib/Ret aDPLbENc0 a332.1bSOH aSohal, N.P.S. aPractice and law of banking-II /cby N.P.S.Sohal aNew DelhibM/s H.P.J.Kapoorc1995 bNew Delhia3081, Partap Street, Subhash Marge110002 a263p. c18cm(Hb) aManagement of bank funds. aBanking Law.z